Bases filosóficas, legales y organizativas del sistema educativo mexicano

Uloženo v:
Podrobná bibliografie
Korporace: Secretaría de Educación Pública (Autor), SEP (Autor)
Médium: Kniha
Jazyk:španělština
Vydáno: Ciudad de México SEP 2000
Vydání:2a. ed
Edice:Programa y Materiales de Apoyo para el Estudio 1er Semestre
Témata:
Tagy: Přidat tag
Žádné tagy, Buďte první, kdo vytvoří štítek k tomuto záznamu!

MARC

LEADER 00000nam a2200000 a 4500
001 UCN6743
003 CL-VaPUC
008 011005e20000000MX |||||||||||||||||spa|d
082 0 4 |a 379.11  |b SEC  |2 21 
110 2 |a Secretaría de Educación Pública  |e author  |9 462536 
710 2 |a SEP  |e author  |9 462537 
245 1 0 |a Bases filosóficas, legales y organizativas del sistema educativo mexicano 
250 |a 2a. ed 
300 |a 80 p 
942 |c BK 
945 |d 20011005 00:00:00  |a cmena 
260 |a Ciudad de México  |b SEP  |c 2000 
500 |a Programa para la Transformación y el Fortalecimiento Académicos de las Escuelas Normales 
500 |a Licenciatura en Educación Preescolar 
650 0 |a Estado y educación   |9 311264 
650 0 |a Educación preescolar  |9 260381 
650 0 |a Planificación de la educación   |9 307333 
650 0 |a Política gubernamental  |9 262286 
583 |a last modification  |c 20160913 10:33:57  |k Rodrigo Vera 
490 0 |a Programa y Materiales de Apoyo para el Estudio 1er Semestre 
999 |c 297426  |d 297424 
952 |0 0  |1 0  |4 0  |6 379_110000000000000_SEC_2000  |7 0  |8 A  |9 352146  |a BIBEDU  |b BIBEDU  |d 2019-11-21  |i 3758818  |o 379.11 SEC 2000  |p 3758818  |r 2019-11-21  |w 2019-11-21  |y BK  |k EPE